Statistics for Region Flag-Shape Picture Quiz #2

Click here to take the quiz!

General Stats

  • This quiz has been taken 380 times
  • The average score is 9 of 16

Answer Stats

Answer% Correct
Greenland
96%
Palestine
79%
Sicily
77%
Falkland Islands
69%
French Guiana
68%
Kurdistan
64%
Aruba
61%
Western Australia
61%
Ontario
57%
Basque Country
52%
Wallonia
47%
Brittany
45%
Cornwall
39%
Balochistan
27%
Kamchatka
27%
Minas Gerais
15%

Score Distribution

Percentile by Number Answered

Percent of People with Each Score

Your Score History

You have not taken this quiz